Подробности
| 000 -МАРКЕР |
| контрольное поле |
02313nam0a2200457 4500 |
| 001 - ИДЕНТИФИКАТОР ЗАПИСИ |
| контрольное поле |
RU\NLR\bibl\256831 |
| 005 - ИДЕНТИФИКАТОР ВЕРСИИ |
| контрольное поле |
20260408193930.0 |
| 010 ## - МЕЖДУНАРОДНЫЙ СТАНДАРТНЫЙ НОМЕР КНИГИ (ISBN) |
| Номер (ISBN) |
5-7862-0079-5 |
| Тираж |
500 |
| 021 ## - НОМЕР ГОСУДАРСТВЕННОЙ РЕГИСТРАЦИИ |
| Код страны |
Российская Федерация |
| Номер |
2002-1765 |
| Номер Листа государственной регистраци |
88 |
| 035 ## - ДРУГИЕ СИСТЕМНЫЕ НОМЕРА |
| Идентификатор записи |
(NLR Aleph) 000252580 |
| 100 ## - ДАННЫЕ ОБЩЕЙ ОБРАБОТКИ |
| Данные общей обработки |
20020419d2001 |||y0rusy50 ca |
| 101 0# - ЯЗЫК РЕСУРСА |
| Язык текста, звукозаписи и т.д. |
русский |
| 102 ## - СТРАНА ПУБЛИКАЦИИ ИЛИ ПРОИЗВОДСТВА |
| Страна публикации |
Российская Федерация |
| 105 ## - ПОЛЕ КОДИРОВАННЫХ ДАННЫХ: ТЕКСТОВЫЕ МАТЕРИАЛЫ, МОНОГРАФИЧЕСКИЕ |
| Кодированные данные о монографическом текстовом документе |
c ||||||||| |
| 200 1# - ЗАГЛАВИЕ И СВЕДЕНИЯ ОБ ОТВЕТСТВЕННОСТИ |
| Основное заглавие |
Философ труда Т.М. Михайлова |
| Первые сведения об ответственности |
М-во общ. и проф. образования РФ, Якут. гос. ун-т им. М.К. Аммосова |
| Последующие сведения об ответственности |
[Сост. И. Е. Томский] |
| 210 ## - ПУБЛИКАЦИЯ, РАСПРОСТРАНЕНИЕ И ДР. |
| Место издания, распространения и т.д. |
Якутск |
| Имя издателя, распространителя и т. д. |
Изд-во СО РАН |
| -- |
Якут. фил. |
| Дата издания, распространения и т.д. |
2001 |
| 215 ## - ФИЗИЧЕСКАЯ ХАРАКТЕРИСТИКА |
| Специфическое обозначение материала и объем |
239 с. |
| Другие сведения о физической характеристике |
портр. |
| Размеры |
21 |
| 309 ## - ПРИМЕЧАНИЯ ОБ ОСНОВНОМ ИСТОЧНИКЕ ИНФОРМАЦИИ И ОБ ОСОБЕННОСТЯХ ПОЛИГРАФИЧЕСКОГО ОФОРМЛЕНИЯ ИЗДАНИЯ |
| Текст примечания |
В кн. также включ. работы Т. М. Михайловой |
| 600 #1 - ИМЯ ЛИЦА КАК ПРЕДМЕТ |
| Начальный элемент ввода |
Михайлова |
| Часть имени, кроме начального элемента ввода |
Т. М. |
| Расширение инициалов личного имени |
Тамара Михайловна |
| Даты |
1948-2001 |
| Код системы |
psbo |
| 600 #1 - ИМЯ ЛИЦА КАК ПРЕДМЕТ |
| Начальный элемент ввода |
Михайлова |
| Часть имени, кроме начального элемента ввода |
Т.М. |
| Расширение инициалов личного имени |
Тамара Михайловна |
| Даты |
1948 - 2001 |
| Формальный подзаголовок |
Воспоминания, записки и т.п. |
| Идентификатор авторитетной/нормативной записи |
RU\NLR\auth\661347043 |
| Системный номер авторитетной/нормативной записи |
2245274 |
| 601 02 - НАИМЕНОВАНИЕ ОРГАНИЗАЦИИ КАК ПРЕДМЕТ |
| Начальный элемент ввода |
Якутский государственный университет им. М.К. Аммосова |
| Формальный подзаголовок |
Воспоминания, записки и т.п. |
| Тематический подзаголовок |
Профессора и преподаватели |
| Системный номер авторитетной/нормативной записи |
2245828 |
| Идентификатор авторитетной/нормативной записи |
RU\NLR\auth\661347348 |
| 606 0# - НАИМЕНОВАНИЕ ТЕМЫ КАК ПРЕДМЕТ |
| Наименование темы |
Труд |
| Формальный подзаголовок |
Сборники |
| Тематический подзаголовок |
Философские вопросы |
| Системный номер авторитетной/нормативной записи |
1817489 |
| Идентификатор авторитетной/нормативной записи |
RU\NLR\auth\66820601 |
| 610 0# - НЕКОНТРОЛИРУЕМЫЕ ПРЕДМЕТНЫЕ ТЕРМИНЫ |
| Предметный термин |
Университеты - Профессорско-преподавательский состав - История |
| 610 0# - НЕКОНТРОЛИРУЕМЫЕ ПРЕДМЕТНЫЕ ТЕРМИНЫ |
| Предметный термин |
Труд - Философские проблемы |
| 675 ## - УНИВЕРСАЛЬНАЯ ДЕСЯТИЧНАЯ КЛАССИФИКАЦИЯ (UDC/УДК) |
| Индекс |
378.4(571.56)(092) |
| Издание |
3 |
| Язык издания |
rus |
| 675 ## - УНИВЕРСАЛЬНАЯ ДЕСЯТИЧНАЯ КЛАССИФИКАЦИЯ (UDC/УДК) |
| Индекс |
929Михайлова |
| Издание |
3 |
| Язык издания |
rus |
| 686 ## - ИНДЕКСЫ ДРУГИХ КЛАССИФИКАЦИЙ |
| Индекс |
14.35 |
| Код системы |
|
| 686 ## - ИНДЕКСЫ ДРУГИХ КЛАССИФИКАЦИЙ |
| Индекс |
74.58 |
| Код системы |
|
| 686 ## - ИНДЕКСЫ ДРУГИХ КЛАССИФИКАЦИЙ |
| Индекс |
Ю3(2)7я43 |
| 686 ## - ИНДЕКСЫ ДРУГИХ КЛАССИФИКАЦИЙ |
| Индекс |
Ю6я44 |
| 686 ## - ИНДЕКСЫ ДРУГИХ КЛАССИФИКАЦИЙ |
| Индекс |
Ч484(2)711.9-Якутский |
| 701 #1 - ИМЯ ЛИЦА - АЛЬТЕРНАТИВНАЯ ОТВЕТСТВЕННОСТЬ |
| Начальный элемент ввода |
Томский |
| Часть имени, кроме начального элемента ввода |
И. Е. |
| Даты |
1934-2001 |
| Расширение инициалов личного имени |
Иннокентий Егорович |
| Код отношения |
Автор |
| 712 02 - НАИМЕНОВАНИЕ ОРГАНИЗАЦИИ - ВТОРИЧНАЯ ОТВЕТСТВЕННОСТЬ |
| Код отношения |
Прочие |
| Начальный элемент ввода |
Якутский государственный университет им. М. К. Аммосова |
| Идентификатор авторитетной/нормативной записи |
RU\NLR\AUTH\883353 |
| Системный номер авторитетной/нормативной записи |
277944 |
| 801 #0 - ИСТОЧНИК ЗАПИСИ |
| Страна |
Российская Федерация |
| Организация |
RKP |
| Дата составления |
20020419 |
| Правила каталогизации |
PSBO |
| 801 #1 - ИСТОЧНИК ЗАПИСИ |
| Страна |
Российская Федерация |
| Организация |
RKP |
| Дата составления |
20020419 |
| 801 #2 - ИСТОЧНИК ЗАПИСИ |
| Страна |
Российская Федерация |
| Организация |
NLR |
| Дата составления |
20061226 |
| Правила каталогизации |
rcr |
| 942 ## - ДОПОЛНИТЕЛЬНЫЕ ЭЛЕМЕНТЫ ЗАПИСИ (АБИС) |
| Тип экземпляра АБИС |
Книга |
| 980 ## - КОЛЛЕКЦИЯ |
| Название коллекции |
Национальная библиография |
| 980 ## - КОЛЛЕКЦИЯ |
| Название коллекции |
НБР |